000 01302nam a22002177a 4500
999 _c63416
_d63416
003 Ge_BSU
005 20251006143101.0
008 251006s1987 ge ||||| |||| 00| 0 geo d
041 _ageo
080 _a330.1 ჯ-42
100 _aჯიბუტი, მიხეილ
_925932
245 _aსოციალიზმის პოლიტიკური ეკონომიის მეცნიერული სისტემის ჩამოყალიბება :
_b(თეორ.-მეთოდ. ასპექტი) /
_c [რედ.: ლ. ჩიქავა] ; საქ. სსრ მეცნ. აკად., ეკონომიკისა და სამართლის ინ-ტი.
264 _aთბილისი :
_bმეცნიერება,
_c1987.
300 _a72 გვ. ;
_b22 სმ.
504 _a ბიბლიოგრ. ტექსტის შენიშვნ.
520 _aრეზ. რუს.
653 _aპოლიტიკური ეკონომია.
700 _aჩიქავა, ლ.
_eრედაქტორი
_94391
710 _a საქ. სსრ მეცნ. აკად., ეკონომიკისა და სამართლის ინ-ტი.
_925933
942 _2udc
_cᲬᲘᲒᲜᲘ